00620cam a22002051 4500001001300000003000400013005001700017008004100034010001700075035001800092040001900110042001200129050001900141100002200160245011200182260005000294300002000344600003300364999001700397sa 66008110 DLC20260227112310.0730521s1964 xx 000 0 eng  asa 66008110  a(OCoLC)627127 aDLCcOClUdDLC apremarc00aPR6013.H56bZ81 aSeetaraman, M. V.10aStudies in Sri Aurobindo's dramatic poems,cby M. V. Seetaraman. With a foreword by C. P. Ramaswami Aiyar. aAnnamalainagar [Annamali]bUniversity,c1964. avii,99p.c25cm.10aGhose, Aurobindo,d1872-1950 c71654d71654